Maiores países por área - Statistics

Estatísticas Gerais
  • Esse quiz foi jogado 66 vezes
  • A pontuação média é 10 de 15
Estatísticas das Respostas
Área País % Correto
17.098.246 Russia
100%
9.984.670 Canadá
98%
9.833.517 Estados Unidos
98%
9.600.000 China
96%
8.515.767 Brasil
95%
7.692.060 Austrália
88%
3.287.263 Índia
82%
2.780.400 Argentina
77%
2.724.902 Cazaquistão
63%
2.381.741 Argélia
54%
1 964 375 México
46%
1 904 569 Indonésia
39%
2 149 690 Arábia Saudita
32%
1 886 068 Sudão
26%
2.344.858 República Democrática do Congo
18%
Nenhum quiz correspondente encontrado
Distribuição das Pontuações
Porcentagem de Pessoas com Cada Pontuação
Percentil de Números Respondidos
Sua Pontuação Histórica
Você não jogou esse quiz